Χρονοναύλωση : υποχρεώσεις και ευθύνη του ναυλωτή : πτυχιακή εργασία
Αποθηκεύτηκε σε:
| Κύριος συγγραφέας: | |
|---|---|
| Συγγραφή απο Οργανισμό/Αρχή: | |
| Άλλοι συγγραφείς: | |
| Μορφή: | Thesis Βιβλίο |
| Γλώσσα: | Greek |
| Δημοσίευση: |
2012
|
| Θέματα: | |
| Διαθέσιμο Online: | http://hdl.handle.net/11610/9428 |
| Ετικέτες: |
Προσθήκη ετικέτας
Δεν υπάρχουν, Καταχωρήστε ετικέτα πρώτοι!
|
MARC
| LEADER | 00000cam a2200000 i 4500 | ||
|---|---|---|---|
| 001 | 1/45453 | ||
| 008 | 140404s2012 gre d | ||
| 035 | |l 10117305 | ||
| 040 | |a GR-MY-UA |b gre |e aacr | ||
| 041 | 0 | |a gre | |
| 082 | 0 | |a 343.0968 |2 (23) | |
| 100 | 1 | |a Γιαλέλη, Βικτωρία. | |
| 245 | 1 | 0 | |a Χρονοναύλωση : |b υποχρεώσεις και ευθύνη του ναυλωτή : πτυχιακή εργασία / |c Γιαλέλη Βικτωρία ; επιβλέπουσα: Αθανασοπούλου Βικτωρία |
| 260 | |c 2012 | ||
| 300 | |a 55 σ.; |b πίν., σχ.; |c 30 εκ. | ||
| 502 | # | # | |a Πτυχιακή εργασία – Πανεπιστήμιο Αιγαίου, Χίος, 2012. |
| 504 | |a Βιβλιογραφία: σ.56 | ||
| 650 | 0 | 0 | |a Charter-parties. |
| 650 | 0 | 0 | |a Maritime law. |
| 650 | 0 | 0 | |a Freight and freightage. |
| 650 | 0 | 0 | |a Dissertations, Academic |z Greece. |
| 700 | 0 | |4 ths |a Αθανασοπούλου, Βικτωρία. | |
| 710 | 1 | |a Πανεπιστήμιο Αιγαίου |b Σχολή Επιστημών της Διοίκησης |b Τμήμα Ναυτιλίας και Επιχειρηματικών Υπηρεσιών - Τ.Ν.Ε.Υ. | |
| 852 | |a INST |b CHIOS |c DIATR |e 20140404 |h 343.0968 ΑΘΑ |p 005200035119 |q 005200035119 |t DIE |y 23 | ||
| 852 | |a INST |b CHIOS |c DIATR |e 20140404 |h 343.0968 ΑΘΑ |p 005200035120 |q 005200035120 |t DIE |y 23 | ||
| 856 | |u http://hdl.handle.net/11610/9428 | ||
| 901 | |a BIBL2-2014-1 | ||
| 909 | |a Χ |b 175953 | ||
| 909 | |a Χ |b 175852 | ||
| 924 | |a ΓΙΑΛΕΛΗ |b ΒΙΚΤΩΡΙΑ |y ΧΙΟΣ |z 2012-11 | ||
| 970 | |a ΣΑΛΑΜΟΥΡΑ |b ΜΑΡΙΑ |z 2014/04/04 | ||